000 00666nam a2200217Ii 4500
003 JO-AjNU
008 230606s9999||||xx |||||||||||||| ||und||
020 _a978-0-273-75075-8
040 _aJO-AjNU
_beng
_erda
_cJO-AjNU
041 _aeng
050 1 4 _aHD30.4.S28.2012
100 3 _aSaunders,mark/philip Lewis/Adrian Thornhill,
_eauthor
_93619
245 0 0 _aRESEARCH METHODS FOR BUSINESS STUDENTS
250 _a6th ed
264 3 1 _aHarlow: pearson education limited,2012
300 _a696p
336 _atext
_btxt
_2rdacontent
337 _aunmediated
_bn
_2rdamedia
338 _avolume
_bnc
_2rdacarrier
650 4 _aBusiness-research-data processing
_93620
999 _aE1888
_c1888
_d1888